MARC

LEADER 00000nam0a2200000 4500
001 118956
005 20231101215515.0
035 |a (RuTPU)RU\TPU\book\128727 
090 |a 118956 
100 |a 20070620d1976 k y0rusy50 ca 
101 0 |a rus 
102 |a BY 
105 |a a z 001zy 
200 1 |a Физико-химическая механика гуминовых веществ  |f И. И. Лиштван, Н. Н. Круглицкий, В. Ю. Третинник  |g Академия наук Белорусской ССР (АН БССР), Институт торфа (ИТ) ; Академия наук Украинской ССР ; Институт коллоидной химии и химии воды 
210 |a Минск  |c Наука и техника  |d 1976 
215 |a 264 с.  |c ил. 
320 |a Литература: с. 243-260. 
606 1 |a Гуминовые вещества  |2 stltpush  |3 (RuTPU)RU\TPU\subj\8896  |9 55479 
610 1 |a физико-химическая механика 
675 |a 547.99  |v 3 
700 1 |a Лиштван  |b И. И.  |g Иван Иванович 
701 1 |a Круглицкий  |b Н. Н.  |g Николай Николаевич 
701 1 |a Третинник  |b В. Ю.  |g Викентий Юрьевич 
712 0 2 |a Академия наук Белорусской ССР (АН БССР)  |b Институт торфа (ИТ)  |2 stltpush  |3 (RuTPU)RU\TPU\col\11584 
712 0 2 |a Академия наук Украинской ССР (АН УССР)  |b Институт коллоидной химии и химии воды им. А. В. Думанского  |2 stltpush  |3 (RuTPU)RU\TPU\col\11823 
801 1 |a RU  |b 63413507  |c 20070620  |g PSBO 
801 2 |a RU  |b 63413507  |c 20190125  |g PSBO 
942 |c BK